[Event "N4R2-Ramonville / Auch"]
[Site "?"]
[Date "2004.11.07"]
[Round "?"]
[White "Rouede, Gilbert"]
[Black "Galby, Vassili"]
[Result "1/2-1/2"]
[WhiteElo "1941"]
[BlackElo "1842"]
[EventDate "2004.??.??"]
[PlyCount "103"]

1.e4 c5 2.Nf3 Nc6 3.d4 cxd4 4.Nxd4 Nf6 5.Nc3 e5 6.Ndb5 d6 7.Bg5 a6 8.Na3 
b5 9.Nd5 Be7 10.Bxf6 Bxf6 11.c3 O-O 12.Be2 Bg5 13.Nc2 Rb8 14.O-O f5 15.
exf5 Bxf5 16.Nce3 Be6 17.Bg4 Bf7 18.Bf3 Kh8 19.Be4 Bxe3 20.Nxe3 Ne7 21.Qg4
d5 22.Rad1 Qd6 23.Qh3 h6 24.Nf5 Nxf5 25.Qxf5 Bg8 26.Qh3 Qc6 27.Bf5 b4 28.
cxb4 Qf6 29.Bd7 Rxb4 30.b3 Rf4 31.Qg3 d4 32.Rc1 Qe7 33.Bc8 Qd6 34.Qd3 R4f6
35.Bb7 Bd5 36.Bxd5 Qxd5 37.Rc4 Qf7 38.f3 Qd5 39.Re1 Re6 40.h3 Qb5 41.Kh2 
Qa5 42.Re2 Qd5 43.Re4 Qd6 44.Kh1 Rd8 45.f4 Qe7 46.fxe5 Rxe5 47.Rxe5 Qxe5 
48.Ra4 Qe1+ 49.Kh2 a5 50.Rc4 Qe5+ 51.Kh1 g5 52.Qg6 1/2-1/2

[Event "N4R2-Ramonville / Auch"]
[Site "?"]
[Date "2004.11.07"]
[Round "?"]
[White "Legros, Jean-Luc"]
[Black "Join, Etienne"]
[Result "1/2-1/2"]
[WhiteElo "1980"]
[BlackElo "1750"]
[EventDate "2004.??.??"]
[PlyCount "122"]

1.e4 {0} 1...e5 {6} 2.Nf3 Nc6 3.Bb5 a6 4.Ba4 Bc5 5.O-O d6 6.h3 Nf6 7.Re1 
b5 8.Bb3 Be6 9.c3 h6 10.d4 Bxb3 11.axb3 exd4 12.e5 dxe5 13.Nxe5 Nxe5 14.
Rxe5+ Be7 15.Qe1 c6 16.Nd2 Ra7 17.Nf3 dxc3 18.bxc3 O-O 19.Be3 Rd7 20.Nd4 
Qc7 21.Rf5 c5 22.Nf3 Rd5 23.Rf4 g5 24.Rxf6 Bxf6 25.Rxa6 Rfd8 26.Ra1 Qd6 
27.g4 Rd1 28.Rxd1 Qxd1 29.Qxd1 Rxd1+ 30.Kg2 c4 31.bxc4 bxc4 32.Nd2 Bxc3 
33.Nxc4 Bd4 34.Bd2 Ra1 35.Nd6 Ra2 36.Ne4 Kg7 37.Be1 Re2 38.Ng3 Rxe1 39.
Nf5+ Kg6 40.Nxd4 h5 41.Nf5 Re4 42.Ng3 Ra4 43.Nxh5 f5 44.Kg3 Ra1 45.Kg2 
fxg4 46.hxg4 Ra4 47.Kg3 Kf7 48.Kh3 Ke6 49.Ng7+ Ke5 50.Kg3 Ra1 51.f3 Rg1+ 
52.Kf2 Rh1 53.Kg2 Rh7 54.Nh5 Kd4 55.Kf2 Ra7 56.Nf6 Ra2+ 57.Kg3 Ra7 58.Ne4 
Rg7 59.Kh3 Ke3 60.Kg3 Rg8 61.Nd6 Ke2 1/2-1/2

[Event "N4R2-Ramonville / Auch"]
[Site "?"]
[Date "2004.11.07"]
[Round "?"]
[White "Golic, Nadil"]
[Black "Faure, Nicolaq"]
[Result "0-1"]
[WhiteElo "1910"]
[BlackElo "2004"]
[EventDate "2004.??.??"]
[PlyCount "88"]

1.d4 d5 2.c4 c6 3.Nf3 Nf6 4.cxd5 cxd5 5.Nc3 Nc6 6.Bg5 e6 7.e3 Be7 8.a3 O-O
9.Bd3 a6 10.O-O b5 11.Rc1 Bb7 12.Nb1 Ne4 13.Bxe7 Qxe7 14.Nfd2 f5 15.f4 Na5
16.Bxe4 fxe4 17.b4 Nc4 18.Nxc4 bxc4 19.Nc3 a5 20.Qa4 axb4 21.Qxb4 Qxb4 22.
axb4 Ra3 23.Rf2 Rb3 24.b5 Ra8 25.f5 Kf7 26.fxe6+ Kxe6 27.g4 Raa3 28.Rfc2 
Kd6 29.Kf2 Bc8 30.Kg3 g5 31.h4 h6 32.hxg5 hxg5 33.Nd1 Rxb5 34.Rh2 Rab3 35.
Nc3 Rb7 36.Rh6+ Be6 37.Rg6 Rf7 38.Nd1 Rf1 39.Kg2 Re1 40.Ra1 Rb6 41.Rxg5 c3
42.Kf2 c2 43.Kxe1 Rb1 44.Ra6+ Ke7 0-1

[Event "N4R2-Ramonville / Auch"]
[Site "?"]
[Date "2004.11.07"]
[Round "?"]
[White "Devecchi, Jorge"]
[Black "Xanthakis, Spyros"]
[Result "1-0"]
[WhiteElo "1660"]
[BlackElo "1720"]
[EventDate "2004.??.??"]
[PlyCount "79"]

1.e4 d5 2.exd5 Nf6 3.Bc4 Nxd5 4.Nc3 Nb6 5.Bb3 Bf5 6.d3 Nc6 7.a3 e6 8.h4 
Be7 9.g4 O-O 10.gxf5 Bxh4 11.Qh5 g5 12.Bxg5 Qxg5 13.Qxh4 Qxh4 14.Rxh4 exf5
15.Nf3 Kg7 16.Kd2 Rfe8 17.Rg1+ Kf6 18.Nd5+ Nxd5 19.Bxd5 Ne5 20.Nxe5 Rxe5 
21.Rh6+ Ke7 22.Re1 Rxe1 23.Kxe1 c6 24.Bxc6 bxc6 25.Rxc6 Kd7 26.Rf6 Ke7 27.
Rxf5 Ke6 28.Rh5 Rh8 29.f4 f5 30.c4 h6 31.b4 Kf6 32.c5 Re8+ 33.Kd2 Kg6 34.
Rh2 Re6 35.b5 Kf7 36.a4 Ke7 37.Re2 Rxe2+ 38.Kxe2 Ke6 39.Kf2 Kd5 40.c6 1-0

[Event "N4R2-Ramonville / Auch"]
[Site "?"]
[Date "2004.11.07"]
[Round "?"]
[White "Bolon, Karelle"]
[Black "Pokee, Anne-Josèphe"]
[Result "1/2-1/2"]
[WhiteElo "2042"]
[BlackElo "1991"]
[EventDate "2004.??.??"]
[PlyCount "91"]

1.e4 e5 2.Nf3 d6 3.d4 exd4 4.Nxd4 Be7 5.Bc4 Nf6 6.Nc3 Nc6 7.a3 Ne5 8.Bb3 
Bg4 9.f3 Bd7 10.Be3 a6 11.Nde2 O-O 12.O-O Ng6 13.Ng3 Be6 14.Bxe6 fxe6 15.
f4 Qe8 16.Qe2 Qc6 17.Rad1 Rad8 18.f5 exf5 19.exf5 Ne5 20.Bd4 Qc4 21.Bxe5 
Qxe2 22.Ncxe2 dxe5 23.Nc3 Bc5+ 24.Kh1 Ng4 25.Nce4 Bd4 26.Rd3 Ne3 27.Re1 
Nxf5 28.c3 Nxg3+ 29.hxg3 Bb6 30.Rxd8 Rxd8 31.Re2 h6 32.g4 Rd3 33.g5 Kh7 
34.gxh6 Kxh6 35.Kh2 Re3 36.Ng3 Rxe2 37.Nxe2 Be3 38.Kg3 Kg6 39.Kf3 Bg5 40.
Ke4 Kf6 41.a4 Ke6 42.g4 g6 43.b3 Kd6 44.Ng1 Bd2 45.Kd3 Bf4 46.Ke4 1/2-1/2

[Event "N4 - Rodez - Cahors"]
[Site "Cahors"]
[Date "2004.11.07"]
[Round "2"]
[White "Van Hall, Pieter"]
[Black "Besset, Thierry"]
[Result "1-0"]
[WhiteElo "1820"]
[BlackElo "1790"]
[EventDate "2004.??.??"]
[PlyCount "70"]

1.d4 Nf6 2.Bg5 h6 3.Bh4 d5 4.e3 Bf5 5.c4 e6 6.Qb3 Nbd7 7.Nc3 Qc8 8.Nf3 
dxc4 9.Bxc4 a6 10.O-O Bd6 11.Rfe1 b5 12.Bf1 Ne4 13.Nxe4 Bxe4 14.Nd2 Bb7 
15.Rac1 O-O 16.Bd3 Qb8 17.Ne4 Bd5 18.Qc2 Qb7 19.b3 Ba3 20.Rb1 f5 21.Nc5 
Nxc5 22.dxc5 Bxg2 23.b4 a5 24.Qb3 Bxb4 25.Qxe6+ Kh8 26.Rec1 Bd5 27.c6 Bxe6
28.cxb7 Rab8 29.Rxc7 Rf7 30.Rbc1 Rxc7 31.Rxc7 a4 32.Bxb5 Ba5 33.Re7 Bd5 
34.Ba6 Bb4 35.Rc7 Be6 1-0

[Event "N4 - Rodez - Cahors"]
[Site "Cahors"]
[Date "2004.11.07"]
[Round "2"]
[White "Tanguy, Fabien"]
[Black "Marty, Damien"]
[Result "1/2-1/2"]
[WhiteElo "2094"]
[BlackElo "1970"]
[EventDate "2004.??.??"]
[PlyCount "86"]

1.g3 d5 2.Bg2 Nf6 3.c4 c6 4.cxd5 cxd5 5.d4 Bf5 6.Nf3 e6 7.O-O Nc6 8.Nc3 
Bb4 9.Na4 O-O 10.a3 Bd6 11.Nc5 Qe7 12.Nd3 h6 13.Nde5 Rac8 14.Nxc6 Rxc6 15.
Ne5 Bxe5 16.dxe5 Ng4 17.Qd4 Qc5 18.e3 f6 19.f4 Qc2 20.Qd1 Be4 21.Qxc2 Rxc2
22.Bxe4 dxe4 23.exf6 gxf6 24.h3 Nh2 25.Rf2 Nf3+ 26.Kg2 Rfc8 27.Rxc2 Rxc2+ 
28.Kf1 b5 29.b4 Rh2 30.h4 f5 31.a4 bxa4 32.Rxa4 Rh1+ 33.Ke2 Rxc1 34.Rxa7 
Rc6 35.Rb7 Rd6 36.b5 Nd2 37.b6 Nc4 38.Rb8+ Kg7 39.b7 Rd2+ 40.Ke1 Rb2 41.
Rc8 Rxb7 42.Rxc4 Kg6 43.Rc8 Rb2 1/2-1/2

[Event "N4 - Rodez - Cahors"]
[Site "Cahors"]
[Date "2004.11.07"]
[Round "2"]
[White "Nivay, Alain"]
[Black "Nghiem, Luat"]
[Result "1-0"]
[WhiteElo "1893"]
[BlackElo "2000"]
[EventDate "2004.??.??"]
[PlyCount "57"]

1.e4 c6 2.Nf3 d5 3.Nc3 d4 4.Ne2 c5 5.c3 dxc3 6.Nxc3 Nc6 7.Bc4 e6 8.O-O Nf6
9.e5 Nd5 10.d4 cxd4 11.Nxd4 Nxc3 12.bxc3 Bd7 13.Re1 Be7 14.Qg4 g6 15.Bh6 
Qc7 16.Nb5 Qb8 17.Rad1 Na5 18.Rxd7 Kxd7 19.Bxe6+ fxe6 20.Rd1+ Kc6 21.Qxe6+
Kxb5 22.Rb1+ Nb3 23.Rxb3+ Ka5 24.Qxe7 b5 25.Qe6 b4 26.cxb4+ Kb5 27.Qd5+ 
Ka6 28.b5+ Qxb5 29.Qxb5# 1-0

[Event "N4 - Rodez - Cahors"]
[Site "Cahors"]
[Date "2004.11.07"]
[Round "2"]
[White "Nenert, Louis"]
[Black "Delmas, jean"]
[Result "1-0"]
[WhiteElo "1740"]
[BlackElo "1600"]
[EventDate "2004.??.??"]
[PlyCount "53"]

1.e4 e5 2.f4 exf4 3.Qf3 g5 4.Bc4 Qf6 5.Nc3 Ne7 6.d3 d6 7.Bd2 Bg7 8.O-O-O 
Be6 9.e5 dxe5 10.Qxb7 Bd7 11.Qxa8 O-O 12.Qxa7 Bc6 13.Ne4 Bxe4 14.dxe4 Qc6 
15.Bd5 Nxd5 16.exd5 Qd6 17.Ne2 e4 18.Bc3 e3 19.Bxg7 Kxg7 20.Qd4+ Kg8 21.h4
f6 22.hxg5 fxg5 23.Rh5 h6 24.Rdh1 Rf6 25.Nc3 Nc6 26.Qa4 Ne7 27.Ne4 1-0

[Event "N4 - Rodez - Cahors"]
[Site "Cahors"]
[Date "2004.11.07"]
[Round "2"]
[White "Montreuille, Pierre"]
[Black "Cremers, Bertrand"]
[Result "1/2-1/2"]
[WhiteElo "1610"]
[BlackElo "1570"]
[EventDate "2004.??.??"]
[PlyCount "82"]

1.Nf3 Nf6 2.b3 g6 3.Bb2 Bg7 4.e3 O-O 5.d4 d5 6.h3 Nbd7 7.c4 c5 8.cxd5 cxd4
9.Qxd4 Qa5+ 10.Bc3 Qxd5 11.Bc4 Qxd4 12.Bxd4 a6 13.a4 b6 14.Nbd2 Bb7 15.O-O
Ne4 16.Bxg7 Kxg7 17.Nxe4 Bxe4 18.Ng5 Bb7 19.f4 h6 20.Nf3 Nf6 21.Rac1 Bd5 
22.Ne5 Bxc4 23.Nxc4 b5 24.Nb6 Rad8 25.Rfd1 bxa4 26.Nxa4 e6 27.Nc5 Rb8 28.
Ra1 Rbc8 29.Rdc1 Nd5 30.Kf2 Nb4 31.Ke2 Nd5 32.Rxa6 Nc7 33.Ra7 Kg8 34.Nd7 
Nd5 35.Rxc8 Rxc8 36.Ne5 Rc2+ 37.Kf3 Rc3 38.Nxf7 Rxe3+ 39.Kf2 Rxb3 40.Nxh6+
Kh8 41.Nf7+ Kg8 1/2-1/2

[Event "N4 - Rodez - Cahors"]
[Site "Cahors"]
[Date "2004.11.07"]
[Round "2"]
[White "Forest, Eric"]
[Black "Salvignac, Rémy"]
[Result "1-0"]
[WhiteElo "1780"]
[BlackElo "1690"]
[EventDate "2004.??.??"]
[PlyCount "103"]

1.e4 e6 2.d4 d5 3.exd5 exd5 4.Bd3 Nf6 5.Bg5 Be7 6.Nf3 Bg4 7.Nbd2 Nbd7 8.h3
Bh5 9.O-O O-O 10.Re1 Re8 11.c3 h6 12.Bf4 Nh7 13.Qc2 Nhf8 14.Ne5 Nxe5 15.
Rxe5 Bg6 16.Rae1 Bxd3 17.Qxd3 Ng6 18.Rf5 Nxf4 19.Rxf4 Bd6 20.Rxe8+ Qxe8 
21.Rf3 Qd7 22.Nf1 Re8 23.Ne3 c6 24.Kf1 Re4 25.b3 Bb8 26.c4 Qe6 27.cxd5 
cxd5 28.Rf5 Bf4 29.Rxd5 g6 30.Rd8+ Kg7 31.Ke2 Bxe3 32.fxe3 h5 33.Qc3 Kh7 
34.d5 Qe5 35.Qxe5 Rxe5 36.d6 Kg7 37.d7 Rd5 38.e4 Rd6 39.Ke3 f6 40.g4 hxg4 
41.hxg4 g5 42.e5 fxe5 43.Ke4 Kf7 44.Kxe5 Rd1 45.Rh8 Ke7 46.d8=Q+ Rxd8 47.
Rxd8 Kxd8 48.Kf5 Ke7 49.Kxg5 Kf7 50.Kh6 Kg8 51.Kg6 b5 52.b4 1-0

[Event "N4 - Rodez - Cahors"]
[Site "Cahors"]
[Date "2004.11.07"]
[Round "2"]
[White "Daval, Christophe"]
[Black "De Biasi, Robert"]
[Result "1/2-1/2"]
[WhiteElo "1690"]
[BlackElo "1770"]
[EventDate "2004.??.??"]
[PlyCount "141"]

1.e4 c5 2.Nf3 d6 3.d4 cxd4 4.Nxd4 Nf6 5.Nc3 a6 6.Be2 e6 7.O-O Be7 8.Bg5 
Nc6 9.Nxc6 bxc6 10.Bf3 Bb7 11.Qd3 Qc7 12.Rfe1 O-O 13.Rad1 Rad8 14.Qe3 e5 
15.Be2 d5 16.exd5 cxd5 17.Qg3 d4 18.Bh6 Ne8 19.Nb1 Kh8 20.Bg5 f6 21.Bc1 
Nd6 22.Bd3 g5 23.f3 Bc8 24.h4 gxh4 25.Qxh4 Bf5 26.Bxf5 Nxf5 27.Qe4 Ng3 28.
Qd3 a5 29.Nd2 Rg8 30.Kf2 Bb4 31.a3 Bxd2 32.Bxd2 Qg7 33.Rg1 Nh1+ 34.Kf1 a4 
35.g4 f5 36.Rxh1 e4 37.Qe2 exf3 38.Qf2 fxg4 39.Qg3 Rde8 40.Re1 Qd7 41.Kf2 
Qc6 42.Rxe8 Rxe8 43.Re1 Rxe1 44.Kxe1 Qe4+ 45.Kd1 Qe2+ 46.Kc1 f2 47.Qb8+ 
Kg7 48.Qc7+ Kf6 49.Qf4+ Ke6 50.Qh6+ Kd5 51.Qh5+ Qe5 52.Qf7+ Qe6 53.Qxf2 h5
54.Qf1 Ke4 55.Qe2+ Kf5 56.Qxe6+ Kxe6 57.Be1 Kf5 58.b4 axb3 59.cxb3 Kf4 60.
a4 g3 61.a5 g2 62.Bf2 Kf3 63.Bg1 Ke2 64.a6 d3 65.a7 d2+ 66.Kb2 d1=Q 67.
a8=Q Qxg1 68.Qe4+ Kf1 69.Qb1+ Kf2 70.Qf5+ Ke2 71.Qe4+ 1/2-1/2

[Event "N4 - Rodez - Cahors"]
[Site "Cahors"]
[Date "2004.11.07"]
[Round "2"]
[White "Bonnavenc, Arnaud"]
[Black "Thamier, Stephan"]
[Result "0-1"]
[WhiteElo "1860"]
[BlackElo "1850"]
[EventDate "2004.??.??"]
[PlyCount "110"]

1.e4 e5 2.f4 exf4 3.Nf3 Be7 4.Bc4 Bh4+ 5.Kf1 d6 6.d3 Nc6 7.Bxf4 Bg4 8.Qc1 
Bf6 9.h3 Bxf3 10.gxf3 Qd7 11.Nd2 Nge7 12.c3 Ng6 13.Be3 h6 14.Ke2 Bg5 15.
Qg1 O-O-O 16.Bxg5 hxg5 17.Qxg5 Rxh3 18.Rxh3 Qxh3 19.Bxf7 Nge5 20.Bg6 Qh2+ 
21.Ke3 Nxg6 22.Qxg6 Rf8 23.Rf1 Qf4+ 24.Ke2 Rf7 25.Rh1 b6 26.d4 Ne7 27.Qg4+
Qxg4 28.fxg4 Rf4 29.Rg1 Kd7 30.Ke3 Rf8 31.Rh1 Ng6 32.Rh7 Rf7 33.Nf3 Nf8 
34.Rh5 g6 35.Rh6 Rg7 36.e5 Ne6 37.Ke4 a6 38.b4 d5+ 39.Kxd5 Rf7 40.Rh3 Nf4+
41.Ke4 Nxh3 42.Ke3 Rf4 43.d5 Rxg4 44.e6+ Ke7 45.Ne5 Rg3+ 46.Kd4 Nf4 47.c4 
Nxe6+ 48.dxe6 Kxe6 49.Nd3 g5 50.Ke4 Rg4+ 51.Kf3 Rxc4 52.a4 a5 53.bxa5 bxa5
54.Ke2 g4 55.Kf2 Kf5 0-1

[Event "N4 - Albi / CEIT"]
[Site "ALBI"]
[Date "2004.11.07"]
[Round "2"]
[White "Schegerin, André"]
[Black "Backhat, Ali"]
[Result "1-0"]
[WhiteElo "1880"]
[BlackElo "1660"]
[EventDate "2004.??.??"]
[PlyCount "61"]

1.f4 c5 2.Nf3 d6 3.g3 g6 4.Bg2 Nf6 5.d3 Bg7 6.O-O O-O 7.c3 Nc6 8.e4 e5 9.
Nh4 exf4 10.Bxf4 Nh5 11.Bd2 Ne5 12.Qc2 Bg4 13.Rf2 Qb6 14.Bf4 Nxf4 15.gxf4 
Bf6 16.Nf3 Nxf3+ 17.Bxf3 Bxf3 18.Rxf3 Rfe8 19.Nd2 Bg7 20.Nc4 Qc7 21.Ne3 
Qc6 22.f5 gxf5 23.Rxf5 Re5 24.Raf1 Kh8 25.Qe2 Qd7 26.Qh5 Rxf5 27.Nxf5 Rg8 
28.Kh1 Qb5 29.Nxd6 Qd7 30.Nxf7+ Qxf7 31.Rxf7 1-0

[Event "N4 - Albi / CEIT"]
[Site "ALBI"]
[Date "2004.11.07"]
[Round "2"]
[White "Ratsianbahotra, Tahiry"]
[Black "Serres, Olivier"]
[Result "0-1"]
[WhiteElo "1499"]
[BlackElo "1730"]
[EventDate "2004.??.??"]
[PlyCount "44"]

1.c4 e5 2.Nc3 Bc5 3.Nf3 Nc6 4.e3 Nf6 5.Be2 O-O 6.O-O Bb6 7.d4 exd4 8.exd4 
d6 9.h3 Bf5 10.a3 Ne4 11.Nd5 Re8 12.b4 a6 13.Bb2 Ne7 14.Nxb6 cxb6 15.Rc1 
Ng6 16.Nd2 Nf4 17.Nxe4 Bxe4 18.f3 Qg5 19.g4 Nxh3+ 20.Kh2 Qh4 21.Qe1 Nf2+ 
22.Kg1 Qg3# 0-1

[Event "N4 - Albi / CEIT"]
[Site "ALBI"]
[Date "2004.11.07"]
[Round "2"]
[White "Lafuma, Antoine"]
[Black "Purcell, Brendan"]
[Result "0-1"]
[WhiteElo "1710"]
[BlackElo "1830"]
[EventDate "2004.??.??"]
[PlyCount "56"]

1.e4 Nc6 2.d4 d5 3.exd5 Qxd5 4.Be3 e5 5.Nc3 Bb4 6.dxe5 Bxc3+ 7.bxc3 Qxe5 
8.Qd2 Bg4 9.f3 Rd8 10.Bd3 Bf5 11.Ne2 Nf6 12.O-O O-O 13.Nd4 Bxd3 14.cxd3 
Nxd4 15.Bxd4 Qf5 16.Rad1 c5 17.Bf2 Rfe8 18.d4 h6 19.Rfe1 Re6 20.Rxe6 Qxe6 
21.Re1 Qc4 22.Re7 Nd5 23.Rxb7 Nxc3 24.Rxa7 cxd4 25.Ra3 Nb1 26.Qa5 Qc1+ 27.
Be1 Re8 28.Kf2 Nxa3 0-1

[Event "N4 - Albi / CEIT"]
[Site "ALBI"]
[Date "2004.11.07"]
[Round "2"]
[White "Huchet, François"]
[Black "Lafforgue, Patrice"]
[Result "1-0"]
[WhiteElo "2040"]
[BlackElo "1780"]
[EventDate "2004.??.??"]
[PlyCount "79"]

1.e4 e5 2.Nf3 Nf6 3.Nxe5 d6 4.Nf3 Nxe4 5.d3 Nf6 6.d4 d5 7.Bd3 Bd6 8.O-O 
O-O 9.Bg5 h6 10.Bh4 Re8 11.Nbd2 Bg4 12.c3 Nbd7 13.Qc2 Nf8 14.Rfe1 g5 15.
Bg3 Bxg3 16.hxg3 Bh5 17.Ne5 Kg7 18.Bf5 Bg6 19.Ndf3 Ne4 20.Nxg6 Nxg6 21.
Bxe4 dxe4 22.Rxe4 Qd5 23.Re2 Qb5 24.Rae1 Rxe2 25.Rxe2 Re8 26.c4 Rxe2 27.
Qxe2 Qf5 28.b3 c6 29.Ne5 Nxe5 30.Qxe5+ Qxe5 31.dxe5 Kg6 32.g4 f5 33.exf6 
Kxf6 34.f3 b5 35.cxb5 cxb5 36.Kf2 Ke5 37.Ke3 a5 38.g3 a4 39.f4+ gxf4+ 40.
gxf4+ 1-0

[Event "N4 - Albi / CEIT"]
[Site "ALBI"]
[Date "2004.11.07"]
[Round "2"]
[White "Fabre, Philippe"]
[Black "Rigal, Samy"]
[Result "1-0"]
[WhiteElo "1770"]
[BlackElo "1620"]
[EventDate "2004.??.??"]
[PlyCount "55"]

1.e4 e5 2.Nf3 Nc6 3.Bb5 a6 4.Ba4 b5 5.Bb3 Bc5 6.c3 Bb6 7.O-O Nf6 8.Re1 O-O
9.d4 d6 10.h3 Rb8 11.Bg5 Qe7 12.Qd3 Bb7 13.Nbd2 Rfd8 14.d5 Na7 15.Nf1 h6 
16.Bh4 c5 17.Bc2 c4 18.Qd2 Bc8 19.Ng3 Kh8 20.Nf5 Bxf5 21.exf5 Rbc8 22.Nh2 
Re8 23.Ng4 Kg8 24.Bxf6 gxf6 25.Qxh6 Bd8 26.Re3 Qf8 27.Qh4 Qg7 28.Rg3 1-0

[Event "N4 - Albi / CEIT"]
[Site "ALBI"]
[Date "2004.11.07"]
[Round "2"]
[White "Druilhe, Loïc"]
[Black "Lefevre, Gérard"]
[Result "0-1"]
[WhiteElo "1640"]
[BlackElo "1870"]
[EventDate "2004.??.??"]
[PlyCount "38"]

1.e4 c5 2.Nf3 Nc6 3.d4 cxd4 4.Nxd4 d6 5.Nc3 g6 6.Be3 Bg7 7.Qd2 Nf6 8.f3 
O-O 9.O-O-O Nxd4 10.Bxd4 Be6 11.g4 Qa5 12.Kb1 Rfc8 13.a3 a6 14.Qe3 b5 15.
Bb6 Rxc3 16.bxc3 Qxa3 17.c4 Qa4 18.Qb3 Rb8 19.Qe3 Nd5 0-1

[Event "N4 - Albi / CEIT"]
[Site "ALBI"]
[Date "2004.11.07"]
[Round "2"]
[White "Curato, René"]
[Black "Melchy, Julien"]
[Result "0-1"]
[WhiteElo "1630"]
[BlackElo "1499"]
[EventDate "2004.??.??"]
[PlyCount "145"]

1.e4 e6 2.Nc3 d5 3.d3 Bb4 4.Bd2 d4 5.Nce2 Be7 6.g3 e5 7.Bg2 Nc6 8.f4 f6 9.
Nf3 Bg4 10.O-O Qd7 11.a3 h5 12.f5 Bxf3 13.Bxf3 Bd6 14.Kg2 Qf7 15.Ng1 Nge7 
16.g4 g6 17.gxh5 gxh5 18.Kh1 O-O-O 19.Ne2 Rdg8 20.Rg1 h4 21.h3 Qh5 22.Bg4 
Rg7 23.Rg2 Ng8 24.Ng1 Nh6 25.Bxh6 Qxh6 26.Qd2 Qh7 27.Nf3 Bf8 28.Rag1 Rgg8 
29.Qe1 Nd8 30.Qa5 Nc6 31.Qd5 Qe7 32.Qe6+ Kd8 33.Qb3 b6 34.Nxh4 Na5 35.Qd5+
Qd7 36.Qxd7+ Kxd7 37.Ng6 Rh6 38.Nxf8+ Rxf8 39.Kh2 Rfh8 40.Kg3 c5 41.b4 Nc6
42.bxc5 bxc5 43.Rb1 Rb8 44.Rxb8 Nxb8 45.Rg1 Rh8 46.Rb1 Kc7 47.h4 Nd7 48.a4
Nb8 49.h5 Na6 50.c3 Kc6 51.cxd4 cxd4 52.Kh4 Nc5 53.Rc1 Kb6 54.Rc4 Nxd3 55.
Be2 Nf4 56.Bd1 a5 57.Rc1 d3 58.Rb1+ Kc6 59.Rb5 Ng2+ 60.Kh3 Ne3 61.Rxa5 
Nxd1 62.Ra6+ Kd7 63.Kh4 Rh6 64.Ra7+ Kc6 65.Rg7 Nb2 66.Rg2 Nxa4 67.Rg6 Rxg6
68.hxg6 d2 69.Kh5 d1=Q+ 70.Kh6 Qh1+ 71.Kg7 Qxe4 72.Kxf6 Qd5 73.Kg5 0-1

[Event "N4-R2-Loures Barousse-Colomiers"]
[Site "?"]
[Date "2004.11.07"]
[Round "2"]
[White "Osete, José"]
[Black "Blesing, René"]
[Result "1-0"]
[WhiteElo "1999"]
[BlackElo "1750"]
[EventDate "2004.11.08"]
[PlyCount "47"]

1.e4 Nf6 2.e5 Nd5 3.c4 Nb6 4.c5 Nd5 5.Bc4 e6 6.Nc3 Nxc3 7.dxc3 Bxc5 8.Qg4 
g6 9.Bh6 Bf8 10.Qf4 d5 11.O-O-O Nd7 12.Bb3 Bxh6 13.Qxh6 Nxe5 14.Qg7 Qg5+ 
15.Kb1 Rf8 16.Nh3 Qh5 17.Rhe1 Nc4 18.Ka1 c6 19.Bxc4 dxc4 20.Qf6 Bd7 21.Ng5
Qh4 22.g3 Qxh2 23.Nxe6 fxe6 24.Rxe6+ 1-0

[Event "N4-R2-Loures Barousse-Colomiers"]
[Site "?"]
[Date "2004.11.07"]
[Round "2"]
[White "Oriot, Patrice"]
[Black "Hantisse, Alain"]
[Result "1-0"]
[WhiteElo "2090"]
[BlackElo "1940"]
[EventDate "2004.11.08"]
[PlyCount "119"]

1.e4 c6 2.d4 d5 3.exd5 cxd5 4.Bd3 Nc6 5.c3 a6 6.Bf4 Nf6 7.h3 g6 8.Nf3 Bf5 
9.O-O Bxd3 10.Qxd3 e6 11.Nbd2 Bg7 12.Rfe1 O-O 13.Ne5 Nh5 14.Bh2 Bxe5 15.
Bxe5 Nxe5 16.Rxe5 Qf6 17.Rae1 Rac8 18.Nf1 Rc6 19.Nh2 Qg7 20.Qe3 Nf6 21.Qf4
Ne4 22.Qg4 h5 23.Qe2 f6 24.Rxe4 dxe4 25.Qxe4 Rd8 26.f4 Kh7 27.Nf3 Qc7 28.
Nh4 Qf7 29.Re3 Rg8 30.Kh2 Qd7 31.Rg3 f5 32.Qe3 Qf7 33.Nf3 Qf6 34.Ng5+ Kh6 
35.Qe2 Rd6 36.Re3 Re8 37.Re5 Re7 38.Qe3 Kg7 39.c4 Kf8 40.b3 Ke8 41.Qc3 Kd8
42.Qa5+ Kc8 43.Qc3 Red7 44.Qe3 Rxd4 45.Rxe6 Qg7 46.Re8+ Rd8 47.Rxd8+ Rxd8 
48.Qc5+ Qc7 49.Qxc7+ Kxc7 50.Ne6+ Kd7 51.Nxd8 Kxd8 52.Kg3 Ke7 53.Kf3 Kd6 
54.Ke3 Kc5 55.a3 a5 56.Kd3 h4 57.Kc3 b6 58.b4+ Kc6 59.Kd4 a4 60.Ke5 1-0

[Event "N4-R2-Loures Barousse-Colomiers"]
[Site "?"]
[Date "2004.11.07"]
[Round "2"]
[White "Lavole, Olivier"]
[Black "Paradis, François"]
[Result "1-0"]
[WhiteElo "1560"]
[BlackElo "1499"]
[EventDate "2004.11.08"]
[PlyCount "109"]

1.e4 e6 2.d4 d5 3.Nc3 dxe4 4.Nxe4 Bd7 5.Nf3 Bc6 6.Bd3 Nd7 7.O-O Ngf6 8.
Nxf6+ Nxf6 9.c3 Bxf3 10.Qxf3 c6 11.Re1 Be7 12.Bf4 Nd5 13.Bd2 O-O 14.Qh5 
Nf6 15.Qf3 Qd5 16.Qxd5 Nxd5 17.a3 Bf6 18.c4 Nb6 19.c5 Nd5 20.Re4 Ne7 21.g4
Rfd8 22.Bc3 Nd5 23.f4 h6 24.Be1 Ne7 25.Bf2 Nd5 26.h4 g6 27.Rd1 Ne7 28.g5 
Bg7 29.Bc4 Nf5 30.b4 Rd7 31.Rxe6 Kf8 32.Re4 Re7 33.Rxe7 Nxe7 34.d5 cxd5 
35.Bxd5 Rd8 36.Bb3 Rxd1+ 37.Bxd1 Nd5 38.Bf3 Nxf4 39.Bxb7 hxg5 40.hxg5 Be5 
41.Kf1 Ne6 42.c6 Bb8 43.Be3 Ke7 44.Ke2 Kd6 45.Kd3 Ke5 46.a4 Kf5 47.Bc8 Ke5
48.Bxe6 Kxe6 49.Kc4 a6 50.b5 axb5+ 51.Kxb5 f5 52.gxf6 Kxf6 53.Kb6 g5 54.c7
Bxc7+ 55.Kxc7 1-0

[Event "N4-R2-Loures Barousse-Colomiers"]
[Site "?"]
[Date "2004.11.07"]
[Round "2"]
[White "Decorchemont, Julien"]
[Black "Cordier, Michel"]
[Result "1-0"]
[WhiteElo "1580"]
[BlackElo "1530"]
[EventDate "2004.11.08"]
[PlyCount "129"]

1.c4 e5 2.Nc3 Nf6 3.g3 c6 4.d3 Bc5 5.Bg2 Ng4 6.e3 d6 7.Nge2 Nf6 8.Bd2 Bf5 
9.d4 exd4 10.exd4 Bb6 11.O-O O-O 12.b4 Nbd7 13.Bf4 Bc7 14.b5 cxb5 15.Nxb5 
Nb6 16.c5 Nc8 17.Bxb7 Rb8 18.Bxc8 Bxc8 19.Nxc7 Qxc7 20.Bxd6 Qc6 21.d5 Nxd5
22.Nd4 Qa8 23.Bxb8 Bh3 24.Re1 Nc3 25.Qf3 Qxf3 26.Nxf3 Rxb8 27.Re3 Nd5 28.
Rd3 Nf6 29.Nh4 g6 30.Ng2 Rc8 31.Nf4 Bf5 32.Nd5 Nxd5 33.Rxd5 Be6 34.Re5 Rc6
35.Rc1 Kg7 36.Kg2 Kf6 37.f4 h6 38.Kf3 h5 39.h3 Bxh3 40.Rd5 a6 41.Rd6+ Rxd6
42.cxd6 Bd7 43.Ke4 Ke6 44.Rd1 Bb5 45.f5+ gxf5+ 46.Kf4 f6 47.Re1+ Kxd6 48.
Kxf5 Bd7+ 49.Kxf6 Bg4 50.Kg5 a5 51.Re4 Bf3 52.Ra4 Bg4 53.Rxa5 Kc6 54.Kh4 
Bd1 55.Rxh5 Bc2 56.g4 Kd6 57.Kg5 Ke7 58.Rh6 Kf7 59.Rf6+ Kg7 60.Rc6 Bd1 61.
Rc7+ Kg8 62.Kf6 Be2 63.g5 Bh5 64.Rg7+ Kf8 65.Rh7 1-0

[Event "N4-R2-Loures Barousse-Colomiers"]
[Site "?"]
[Date "2004.11.07"]
[Round "2"]
[White "Condeminas, Christian"]
[Black "Moiseyev, Vlas"]
[Result "1/2-1/2"]
[WhiteElo "1740"]
[BlackElo "1680"]
[EventDate "2004.11.08"]
[PlyCount "90"]

1.e4 e5 2.Nf3 Nc6 3.d4 exd4 4.Bc4 Nf6 5.O-O Be7 6.e5 Ne4 7.Bd5 Ng5 8.Bxc6 
dxc6 9.Nxg5 Bxg5 10.Bxg5 Qxg5 11.Qxd4 Bh3 12.Qe4 O-O-O 13.f4 Qg4 14.Qf3 
Qxf3 15.Rxf3 Rd1+ 16.Rf1 Rxf1+ 17.Kxf1 Bf5 18.c3 Rd8 19.Ke1 Rd5 20.Nd2 g5 
21.g3 g4 22.Nf1 Rd3 23.Rd1 Kd7 24.Rxd3+ Bxd3 25.Ne3 h5 26.Kd2 Bb1 27.a3 
Ke6 28.c4 c5 29.Nd5 c6 30.Nf6 Bg6 31.Ke3 b6 32.Ne4 Kd7 33.Ng5 a5 34.h3 
gxh3 35.Nxh3 Ke6 36.Ng5+ Kf5 37.Kf3 a4 38.Ne4 Ke6 39.Nf6 Bc2 40.Ke3 Bg6 
41.g4 hxg4 42.Nxg4 b5 43.Nf6 bxc4 44.Kd2 Bd3 45.Ke3 Bg6 1/2-1/2

[Event "N4-R2-Loures Barousse-Colomiers"]
[Site "?"]
[Date "2004.11.07"]
[Round "2"]
[White "Blesing, Alicia"]
[Black "Ponsolle, René"]
[Result "1-0"]
[WhiteElo "1540"]
[BlackElo "1500"]
[EventDate "2004.11.08"]
[PlyCount "59"]

1.e4 e5 2.Nf3 Nc6 3.Bc4 d6 4.d3 Be7 5.Be3 Nf6 6.h3 a6 7.c3 Bd7 8.Bb3 O-O 
9.Nbd2 h6 10.g4 Nh7 11.d4 exd4 12.Nxd4 Na5 13.Bc2 c5 14.Nf5 Bxf5 15.gxf5 
Nc6 16.Rg1 Bg5 17.Qg4 Nf6 18.Qg2 Nh7 19.h4 Bf6 20.Bxh6 Bg5 21.Bxg5 Nxg5 
22.hxg5 Re8 23.O-O-O f6 24.g6 Kf8 25.Qh3 Ke7 26.Qh7 Kd7 27.Qxg7+ Kc8 28.
Nc4 Qe7 29.Qxe7 Rxe7 30.Nb6+ 1-0

[Event "N4-R2-Loures Barousse-Colomiers"]
[Site "?"]
[Date "2004.11.07"]
[Round "2"]
[White "Artis, François"]
[Black "Ribou, Jacques"]
[Result "0-1"]
[WhiteElo "1740"]
[BlackElo "1870"]
[EventDate "2004.11.08"]
[PlyCount "110"]

1.e4 c5 2.Nf3 e6 3.d4 cxd4 4.Nxd4 a6 5.Be3 Qc7 6.Bd3 Nc6 7.Nxc6 dxc6 8.Nd2
Nf6 9.Nc4 b5 10.Nb6 Rb8 11.Nxc8 Rxc8 12.Qe2 Bb4+ 13.c3 Be7 14.O-O O-O 15.
f3 Rfd8 16.Rad1 Nd7 17.Qf2 c5 18.f4 c4 19.Bb1 Bc5 20.Bd4 Bxd4 21.cxd4 Nf6 
22.Kh1 Rd7 23.Qc2 g6 24.a3 Rcd8 25.Qc3 Qb6 26.f5 exf5 27.exf5 Rxd4 28.Rxd4
Qxd4 29.Qxd4 Rxd4 30.fxg6 hxg6 31.Kg1 Kg7 32.g3 Rd2 33.Rf2 Rxf2 34.Kxf2 
Ng4+ 35.Ke2 Nxh2 36.Be4 Ng4 37.Bb7 a5 38.Ba6 b4 39.Bxc4 Ne5 40.Bb5 bxa3 
41.bxa3 Kf6 42.Ba6 Kg5 43.Bc8 f5 44.Kf2 Nc4 45.Ba6 Nxa3 46.Bd3 Kf6 47.Ke3 
Ke5 48.g4 f4+ 49.Kf3 g5 50.Ke2 Kd4 51.Bf5 Nc4 52.Bd7 Ne5 53.Be6 a4 54.Kd2 
Nc4+ 55.Kc2 f3 0-1